[Event "GBR-ch76"]
[Site "Plymouth"]
[Date "1989.08.02"]
[Round "3.29"]
[White "Flear, Christine"]
[Black "Carr, Neil L"]
[Result "1/2-1/2"]
[WhiteElo "2170"]
[BlackElo "2315"]
[PlyCount "63"]
[EventDate "1989.07.31"]
[EventType "swiss"]
[EventRounds "11"]
[EventCountry "GBR"]
[SourceTitle "BritBase"]
[Source "John Saunders"]
[SourceDate "2023.12.16"]
[SourceVersion "1"]
[SourceVersionDate "2023.12.16"]
[SourceQuality "1"]

1. d4 g6 2. c4 Bg7 3. Nc3 d6 4. e4 Nf6 5. Nf3 O-O 6. Be2 e5 7. O-O Nc6 8. d5
Ne7 9. Nd2 c5 10. Rb1 Ne8 11. b4 b6 12. bxc5 bxc5 13. Nb3 a5 14. a4 Nc7 15. Nb5
Na6 16. Bd2 Nb4 17. Bc3 Bh6 18. Ra1 Bb7 19. Qb1 f5 20. Bd2 Bxd2 21. Nxd2 f4 22.
Bg4 Bc8 23. Bxc8 Nxc8 24. Ra3 h5 25. Qd1 Rf7 26. Rc3 Nb6 27. h4 Qxh4 28. Nxd6
Rh7 29. Rh3 Qf6 30. Nb5 Rc8 31. Re1 Qh8 32. Rf1 1/2-1/2

[Event "GBR-ch76"]
[Site "Plymouth"]
[Date "1989.08.03"]
[Round "4.1"]
[White "Flear, Glenn C"]
[Black "Norwood, David Robert"]
[Result "1/2-1/2"]
[WhiteElo "2435"]
[BlackElo "2485"]
[PlyCount "97"]
[EventDate "1989.07.31"]
[EventType "swiss"]
[EventRounds "11"]
[EventCountry "GBR"]
[SourceTitle "BritBase"]
[Source "John Saunders"]
[SourceDate "2023.12.16"]
[SourceVersion "1"]
[SourceVersionDate "2023.12.16"]
[SourceQuality "1"]

1. d4 Nf6 2. c4 c5 3. d5 g6 4. Nc3 Bg7 5. e4 O-O 6. Nf3 d6 7. Be2 e6 8. O-O
exd5 9. exd5 Re8 10. h3 Bf5 11. g4 Be4 12. Ne1 h5 13. f3 Nxg4 14. fxe4 Qh4 15.
Bxg4 hxg4 16. Qxg4 Qxg4+ 17. hxg4 Bxc3 18. bxc3 Rxe4 19. Bf4 Nd7 20. Bxd6 Rxg4+
21. Ng2 Rxc4 22. Rae1 Nb6 23. Re7 Rd8 24. Be5 Re4 25. Rf4 Rxf4 26. Nxf4 g5 27.
Nh5 Nxd5 28. Rxb7 Kh7 29. Nf6+ Kg6 30. Rxa7 Kf5 31. Nxd5 Kxe5 32. c4 Rb8 33.
Nc3 Kd4 34. Nb5+ Kxc4 35. Nd6+ Kd3 36. Nxf7 c4 37. Ne5+ Kc3 38. Ra3+ Kb4 39.
Re3 Ra8 40. Re2 Rf8 41. Rc2 c3 42. Kg2 Re8 43. Nd3+ Kc4 44. Nf2 Rd8 45. Kf3 g4+
46. Ke3 Rd2 47. Rxd2 cxd2 48. Kxd2 g3 49. Nh3 1/2-1/2

[Event "GBR-ch76"]
[Site "Plymouth"]
[Date "1989.08.03"]
[Round "4.2"]
[White "King, Daniel John"]
[Black "Levitt, Jonathan P"]
[Result "1/2-1/2"]
[WhiteElo "2495"]
[BlackElo "2480"]
[PlyCount "38"]
[EventDate "1989.07.31"]
[EventType "swiss"]
[EventRounds "11"]
[EventCountry "GBR"]
[SourceTitle "BritBase"]
[Source "John Saunders"]
[SourceDate "2023.12.16"]
[SourceVersion "1"]
[SourceVersionDate "2023.12.16"]
[SourceQuality "1"]

1. c4 Nf6 2. g3 g6 3. Bg2 Bg7 4. Nc3 O-O 5. d4 d6 6. Nf3 Nc6 7. O-O a6 8. h3
Rb8 9. e4 b5 10. cxb5 axb5 11. Re1 e5 12. dxe5 dxe5 13. Bg5 Qxd1 14. Raxd1 Ne8
15. Nd5 f6 16. Be3 Rf7 17. Re2 Be6 18. a3 Na5 19. Ne1 Bf8 1/2-1/2

[Event "GBR-ch76"]
[Site "Plymouth"]
[Date "1989.08.03"]
[Round "4.3"]
[White "Barua, Dibyendu"]
[Black "Chandler, Murray G"]
[Result "1/2-1/2"]
[WhiteElo "2470"]
[BlackElo "2585"]
[PlyCount "64"]
[EventDate "1989.07.31"]
[EventType "swiss"]
[EventRounds "11"]
[EventCountry "GBR"]
[SourceTitle "ChessBase 2017"]
[Source "ChessBase"]
[SourceDate "1990.06.01"]
[SourceVersion "1"]
[SourceVersionDate "1990.06.01"]
[SourceQuality "1"]

1. e4 c5 2. Nf3 Nc6 3. d4 cxd4 4. Nxd4 Nf6 5. Nc3 e5 6. Ndb5 d6 7. Bg5 a6 8.
Na3 b5 9. Nd5 Be7 10. Bxf6 Bxf6 11. c3 Ne7 12. Nxf6+ gxf6 13. Qd3 Bb7 14. Rd1
d5 15. Qf3 Qd6 16. exd5 Bxd5 17. c4 bxc4 18. Bxc4 Qb4+ 19. Qc3 Qxc3+ 20. bxc3
Bxg2 21. Rg1 Rg8 22. Rd6 Bb7 23. Rxg8+ Nxg8 24. Bxf7+ Kxf7 25. Rd7+ Ne7 26.
Rxb7 Rc8 27. Kd2 Rc6 28. Nc2 Rd6+ 29. Ke2 Ke6 30. Ne3 Rc6 31. c4 f5 32. Kd3 h5
1/2-1/2

[Event "GBR-ch76"]
[Site "Plymouth"]
[Date "1989.08.03"]
[Round "4.4"]
[White "Hodgson, Julian M"]
[Black "Arkell, Keith C"]
[Result "1-0"]
[WhiteElo "2535"]
[BlackElo "2450"]
[PlyCount "53"]
[EventDate "1989.07.31"]
[EventType "swiss"]
[EventRounds "11"]
[EventCountry "GBR"]
[SourceTitle "BritBase"]
[Source "John Saunders"]
[SourceDate "2023.12.16"]
[SourceVersion "1"]
[SourceVersionDate "2023.12.16"]
[SourceQuality "1"]

1. Nf3 b5 2. e4 Bb7 3. e5 a6 4. d4 e6 5. c4 bxc4 6. Bxc4 Ne7 7. Nc3 d5 8. exd6
cxd6 9. d5 e5 10. Qb3 Qd7 11. a4 Ng6 12. a5 Qc7 13. O-O Nd7 14. Be3 Rb8 15.
Rfc1 Bc8 16. Qa4 Be7 17. Nb5 axb5 18. Bxb5 Qd8 19. Bb6 Rxb6 20. axb6 O-O 21.
Rxc8 Qxc8 22. Bxd7 Qc5 23. b7 Qxd5 24. Bc8 e4 25. b8=Q exf3 26. Qb7 Qg5 27. g3
1-0

[Event "GBR-ch76"]
[Site "Plymouth"]
[Date "1989.08.03"]
[Round "4.5"]
[White "Hebden, Mark L"]
[Black "McDonald, Neil R"]
[Result "0-1"]
[WhiteElo "2520"]
[BlackElo "2360"]
[PlyCount "66"]
[EventDate "1989.07.31"]
[EventType "swiss"]
[EventRounds "11"]
[EventCountry "GBR"]
[SourceTitle "BritBase"]
[Source "John Saunders"]
[SourceDate "2023.12.16"]
[SourceVersion "1"]
[SourceVersionDate "2023.12.16"]
[SourceQuality "1"]

1. e4 e6 2. d4 d5 3. Nc3 Bb4 4. e5 c5 5. Bd2 Ne7 6. f4 Nbc6 7. dxc5 Nf5 8. Nf3
Bxc5 9. Bd3 Nh4 10. Qe2 Nxf3+ 11. Qxf3 Nb4 12. O-O-O Bd7 13. Kb1 Qb6 14. Rhe1
O-O-O 15. Ne2 Nxd3 16. cxd3 Kb8 17. Rc1 Rc8 18. Ka1 Rc7 19. f5 Rhc8 20. g4 a5
21. Qf4 a4 22. fxe6 fxe6 23. d4 a3 24. Rb1 Be7 25. bxa3 Qa6 26. Qe3 Bb5 27. Nf4
Rc2 28. Rec1 Bxa3 29. Rxc2 Rxc2 30. Qb3 Rxd2 31. Qxb5 Bb2+ 32. Qxb2 Rxb2 33.
Kxb2 g5 0-1

[Event "GBR-ch76"]
[Site "Plymouth"]
[Date "1989.08.03"]
[Round "4.7"]
[White "Cullip, Stephen J"]
[Black "Watson, William Nicholas"]
[Result "1/2-1/2"]
[WhiteElo "2300"]
[BlackElo "2495"]
[PlyCount "85"]
[EventDate "1989.07.31"]
[EventType "swiss"]
[EventRounds "11"]
[EventCountry "GBR"]
[SourceTitle "BritBase"]
[Source "John Saunders"]
[SourceDate "2023.12.16"]
[SourceVersion "1"]
[SourceVersionDate "2023.12.16"]
[SourceQuality "1"]

1. e4 c5 2. Nf3 d6 3. d4 cxd4 4. Nxd4 Nf6 5. Nc3 g6 6. Be3 Bg7 7. f3 O-O 8. Bc4
Nc6 9. Qd2 Bd7 10. h4 h5 11. O-O-O Ne5 12. Bb3 Rc8 13. Bg5 Rc5 14. g4 hxg4 15.
h5 Nxh5 16. Nd5 Re8 17. Rxh5 gxh5 18. Qh2 Rxd5 19. Bxd5 Qb6 20. Qxh5 e6 21. Bb3
gxf3 22. Be3 Qd8 23. Bg5 Qb6 24. Be3 Qd8 25. Bg5 Qa5 26. Kb1 f2 27. c3 Qa6 28.
Qh3 Bb5 29. Nxb5 Qxb5 30. Qf1 Qc5 31. Qe2 a5 32. a4 Rb8 33. Be3 Qc6 34. Ba7 Rc8
35. Bxf2 Ng6 36. Rg1 Re8 37. Rg5 Be5 38. Bc4 Qc7 39. Bb5 Rc8 40. Be3 Kg7 41.
Qf2 Qe7 42. Rh5 Qf6 43. Qg2 1/2-1/2

[Event "GBR-ch76"]
[Site "Plymouth"]
[Date "1989.08.03"]
[Round "4.8"]
[White "Ward, Christopher G"]
[Black "Plaskett, H James"]
[Result "0-1"]
[WhiteElo "2380"]
[BlackElo "2460"]
[PlyCount "62"]
[EventDate "1989.07.31"]
[EventType "swiss"]
[EventRounds "11"]
[EventCountry "GBR"]
[SourceTitle "BritBase"]
[Source "John Saunders"]
[SourceDate "2023.12.16"]
[SourceVersion "1"]
[SourceVersionDate "2023.12.16"]
[SourceQuality "1"]

1. d4 Nf6 2. c4 e6 3. Nc3 Bb4 4. g3 O-O 5. Bg2 d6 6. Nf3 b6 7. Qb3 Bxc3+ 8.
Qxc3 Bb7 9. O-O Nbd7 10. b3 Qe7 11. Bb2 Rae8 12. Rad1 Ne4 13. Qc2 f5 14. Ne1 e5
15. d5 Ndf6 16. Nd3 Bc8 17. e3 Ng4 18. Qe2 Qg5 19. Rfe1 Qh6 20. h3 Ng5 21. Qf1
e4 22. hxg4 fxg4 23. Nf4 Nf3+ 24. Bxf3 gxf3 25. Ne6 Rxe6 26. dxe6 Bxe6 27. c5
Rf5 28. Qb5 Kf8 29. Bxg7+ Kxg7 30. Qe8 Rh5 31. Qe7+ Bf7 0-1

[Event "GBR-ch76"]
[Site "Plymouth"]
[Date "1989.08.03"]
[Round "4.9"]
[White "Beaumont, Chris R"]
[Black "Rogers, Jonathan W"]
[Result "1-0"]
[WhiteElo "2460"]
[BlackElo "2335"]
[PlyCount "41"]
[EventDate "1989.07.31"]
[EventType "swiss"]
[EventRounds "11"]
[EventCountry "GBR"]
[SourceTitle "BritBase"]
[Source "John Saunders"]
[SourceDate "2023.12.16"]
[SourceVersion "1"]
[SourceVersionDate "2023.12.16"]
[SourceQuality "1"]

1. Nf3 f5 2. d4 g6 3. g3 Bg7 4. Bg2 d6 5. c4 c6 6. Nc3 Nh6 7. O-O O-O 8. d5 e5
9. dxe6 Bxe6 10. b3 Nf7 11. Bb2 Nd7 12. Nd4 Re8 13. e4 fxe4 14. Nxe4 Bf5 15.
Nxf5 Bxb2 16. Nfxd6 Nxd6 17. Nxd6 Rf8 18. Rb1 Ba3 19. b4 Qf6 20. Ne4 Qe7 21.
Qb3 1-0

[Event "GBR-ch76"]
[Site "Plymouth"]
[Date "1989.08.03"]
[Round "4.10"]
[White "Murugan, Krishnamoorthy"]
[Black "Burgess, Graham K"]
[Result "1/2-1/2"]
[WhiteElo "2450"]
[BlackElo "2350"]
[PlyCount "92"]
[EventDate "1989.07.31"]
[EventType "swiss"]
[EventRounds "11"]
[EventCountry "GBR"]
[SourceTitle "BritBase"]
[Source "John Saunders"]
[SourceDate "2023.12.16"]
[SourceVersion "1"]
[SourceVersionDate "2023.12.16"]
[SourceQuality "1"]

1. d4 Nf6 2. Nf3 g6 3. c4 Bg7 4. Nc3 O-O 5. e4 d6 6. Be2 e5 7. O-O exd4 8. Nxd4
Re8 9. f3 c6 10. Nc2 Na6 11. Kh1 Nc7 12. Ne3 Be6 13. f4 d5 14. cxd5 cxd5 15. f5
Bxf5 16. exf5 d4 17. fxg6 hxg6 18. Nb5 Nxb5 19. Bxb5 Re5 20. Qb3 Qb6 21. Nc4
Qxb5 22. Bf4 Qxb3 23. axb3 Re2 24. Nb6 Rae8 25. Rxa7 Rxb2 26. Nc4 Rxb3 27. Nd6
Re7 28. Bg5 Rd7 29. Ra8+ Kh7 30. Bf4 Nh5 31. Ne4 Nxf4 32. Nc5 Nxg2 33. Nxb3 Ne3
34. Rf3 Rc7 35. Kg1 Be5 36. Ra5 f6 37. Rc5 Rxc5 38. Nxc5 b5 39. Nd3 Kg7 40. h3
Nf5 41. Rf1 Kf7 42. Rb1 Nd6 43. Nc5 g5 44. Kf2 Kg6 45. Kf3 Kf5 46. Rb4 Kg6
1/2-1/2

[Event "GBR-ch76"]
[Site "Plymouth"]
[Date "1989.08.03"]
[Round "4.11"]
[White "McNab, Colin Anderson"]
[Black "Ruxton, Keith"]
[Result "0-1"]
[WhiteElo "2435"]
[BlackElo "2325"]
[PlyCount "94"]
[EventDate "1989.07.31"]
[EventType "swiss"]
[EventRounds "11"]
[EventCountry "GBR"]
[SourceTitle "BritBase"]
[Source "John Saunders"]
[SourceDate "2023.12.16"]
[SourceVersion "1"]
[SourceVersionDate "2023.12.16"]
[SourceQuality "1"]

1. Nf3 e6 2. g3 Nf6 3. Bg2 d5 4. b3 c6 5. O-O Nbd7 6. Bb2 Qb6 7. d3 Be7 8. Nbd2
O-O 9. e4 Rd8 10. Qe2 Nf8 11. c4 Ng6 12. h4 Qc7 13. e5 Ne8 14. h5 Nf8 15. Rac1
b6 16. Rfe1 a5 17. Nf1 c5 18. cxd5 exd5 19. Ne3 Be6 20. Nd4 Qd7 21. Nxe6 fxe6
22. f4 a4 23. Rb1 axb3 24. axb3 Ra2 25. Ra1 Rda8 26. Kh2 Nc7 27. Rxa2 Rxa2 28.
Ra1 Rxa1 29. Bxa1 b5 30. h6 d4 31. Ng4 Nd5 32. hxg7 Kxg7 33. Nf2 Ne3 34. Nd1
Nxg2 35. Kxg2 Qd5+ 36. Kh2 Qxb3 37. Nf2 Ng6 38. Qb2 Qa4 39. Qc1 h5 40. Qd1 Qa2
41. Kg1 h4 42. gxh4 Bxh4 43. Ne4 Nxf4 44. Qg4+ Ng6 45. Nxc5 Qb1+ 46. Kg2 Qc2+
47. Kf3 Qf2+ 0-1

[Event "GBR-ch76"]
[Site "Plymouth"]
[Date "1989.08.03"]
[Round "4.12"]
[White "Wells, Peter K"]
[Black "Muir, Andrew J"]
[Result "1-0"]
[WhiteElo "2400"]
[BlackElo "2250"]
[PlyCount "53"]
[EventDate "1989.07.31"]
[EventType "swiss"]
[EventRounds "11"]
[EventCountry "GBR"]
[SourceTitle "BritBase"]
[Source "John Saunders"]
[SourceDate "2023.12.16"]
[SourceVersion "1"]
[SourceVersionDate "2023.12.16"]
[SourceQuality "1"]

1. Nf3 d5 2. c4 e6 3. d4 Nf6 4. Nc3 c6 5. e3 Nbd7 6. Bd3 dxc4 7. Bxc4 b5 8. Bd3
Bb7 9. e4 b4 10. Na4 c5 11. e5 Nd5 12. dxc5 Nxc5 13. Bb5+ Nd7 14. Bg5 Qa5 15.
Nd4 Be7 16. Rc1 Bxg5 17. Bxd7+ Kxd7 18. Nc5+ Ke7 19. Nxb7 Qb6 20. Nf5+ exf5 21.
Qxd5 Bxc1 22. Nd6 Raf8 23. Nxf5+ Ke8 24. Nxg7+ Ke7 25. Nf5+ Ke8 26. O-O Bxb2
27. Rd1 1-0

[Event "GBR-ch76"]
[Site "Plymouth"]
[Date "1989.08.03"]
[Round "4.14"]
[White "Cavendish, James"]
[Black "Haque, Rezaul"]
[Result "0-1"]
[WhiteElo "2390"]
[BlackElo "2285"]
[PlyCount "92"]
[EventDate "1989.07.31"]
[EventType "swiss"]
[EventRounds "11"]
[EventCountry "GBR"]
[SourceTitle "BritBase"]
[Source "John Saunders"]
[SourceDate "2023.12.16"]
[SourceVersion "1"]
[SourceVersionDate "2023.12.16"]
[SourceQuality "1"]

1. c4 e6 2. g3 Nf6 3. Bg2 d5 4. Nf3 Be7 5. O-O O-O 6. b3 c5 7. e3 Nc6 8. Bb2 b6
9. Qe2 Bb7 10. Rd1 Rc8 11. d4 cxd4 12. exd4 Qc7 13. Nc3 dxc4 14. Nb5 Qb8 15.
bxc4 Na5 16. Rac1 a6 17. Na3 Rfd8 18. d5 Bxa3 19. Bxa3 exd5 20. cxd5 Rxd5 21.
Rxc8+ Qxc8 22. Nd4 Rd8 23. Nf5 Rxd1+ 24. Qxd1 Qd7 25. Ne7+ Kh8 26. Qe2 Bxg2 27.
Kxg2 b5 28. Bb2 Nc4 29. Bxf6 gxf6 30. g4 Qe6 31. Qxe6 fxe6 32. Kf3 Ne5+ 33. Kg3
Kg7 34. f4 Kf7 35. Nc8 Nd3 36. Nd6+ Ke7 37. Ne4 b4 38. g5 f5 39. Nf6 Nc1 40.
Kf3 Nxa2 41. Ke2 Nc3+ 42. Kd3 Nd5 43. Nxh7 Nxf4+ 44. Kc4 a5 45. h4 Nh5 46. g6
e5 0-1

[Event "GBR-ch76"]
[Site "Plymouth"]
[Date "1989.08.03"]
[Round "4.15"]
[White "Hennigan, Michael T"]
[Black "Emms, John M"]
[Result "0-1"]
[WhiteElo "2345"]
[BlackElo "2300"]
[PlyCount "96"]
[EventDate "1989.07.31"]
[EventType "swiss"]
[EventRounds "11"]
[EventCountry "GBR"]
[SourceTitle "BritBase"]
[Source "John Saunders"]
[SourceDate "2023.12.16"]
[SourceVersion "1"]
[SourceVersionDate "2023.12.16"]
[SourceQuality "1"]

1. e4 e5 2. Nf3 Nc6 3. Bb5 a6 4. Ba4 Nf6 5. O-O Be7 6. Re1 b5 7. Bb3 d6 8. c3
O-O 9. h3 Re8 10. d4 Bb7 11. Nbd2 Bf8 12. Bc2 Nb8 13. b3 Nbd7 14. d5 c6 15. c4
Nc5 16. b4 Ncd7 17. Bb2 Rb8 18. a3 Ba8 19. dxc6 Bxc6 20. Rc1 Qb6 21. Bd3 Ba8
22. Nh2 Qa7 23. Nhf1 a5 24. Bc3 axb4 25. axb4 bxc4 26. Nxc4 d5 27. exd5 e4 28.
Ra1 Qb7 29. Bc2 Nxd5 30. Bd4 Qxb4 31. Nfe3 Nxe3 32. Nxe3 Ne5 33. Ra4 Qb5 34.
Qa1 Nd3 35. Rb1 Qc6 36. Bb3 Nc5 37. Bxc5 Bxc5 38. Qa2 Qf6 39. Rc1 Bb6 40. Rd1
Bc6 41. Rc4 Rec8 42. Rdc1 Rc7 43. R4c3 Rbc8 44. Qa6 Bb7 45. Qxb7 Rxc3 46. Rxc3
Rxc3 47. Qxe4 Rc1+ 48. Kh2 Bc7+ 0-1

[Event "GBR-ch76"]
[Site "Plymouth"]
[Date "1989.08.03"]
[Round "4.16"]
[White "Mestel, A Jonathan"]
[Black "Kinsman, Andrew PH"]
[Result "1/2-1/2"]
[WhiteElo "2520"]
[BlackElo "2330"]
[PlyCount "85"]
[EventDate "1989.07.31"]
[EventType "swiss"]
[EventRounds "11"]
[EventCountry "GBR"]
[SourceTitle "BritBase"]
[Source "John Saunders"]
[SourceDate "2023.12.16"]
[SourceVersion "1"]
[SourceVersionDate "2023.12.16"]
[SourceQuality "1"]

1. e4 e6 2. d4 d5 3. Nc3 Bb4 4. e5 c5 5. a3 Ba5 6. b4 cxd4 7. Nb5 Bc7 8. f4 Ne7
9. Nf3 Bd7 10. Nfxd4 Bxb5 11. Nxb5 O-O 12. Nxc7 Qxc7 13. Bd3 a5 14. Rb1 axb4
15. axb4 Nd7 16. O-O Nb6 17. Qh5 h6 18. g4 Nc4 19. Kh1 d4 20. Kg1 Ne3 21. Bxe3
dxe3 22. Rbe1 Qc3 23. Qh4 Qxb4 24. Rxe3 Qd4 25. Qf2 Nc6 26. h4 Ra1 27. Rxa1
Qxa1+ 28. Kh2 Qd1 29. g5 hxg5 30. hxg5 Nd4 31. Rh3 Nf5 32. Bxf5 exf5 33. Rd3
Qc1 34. Qd2 Qf1 35. g6 fxg6 36. e6 Re8 37. Rd8 Rxd8 38. Qxd8+ Kh7 39. Qh4+ Kg8
40. Qd8+ Kh7 41. Qd2 Qf3 42. e7 Qe4 43. Qd8 1/2-1/2

[Event "GBR-ch76"]
[Site "Plymouth"]
[Date "1989.08.03"]
[Round "4.17"]
[White "Collinson, Adam"]
[Black "Conquest, Stuart C"]
[Result "0-1"]
[WhiteElo "2285"]
[BlackElo "2515"]
[PlyCount "64"]
[EventDate "1989.07.31"]
[EventType "swiss"]
[EventRounds "11"]
[EventCountry "GBR"]
[SourceTitle "BritBase"]
[Source "John Saunders"]
[SourceDate "2023.12.16"]
[SourceVersion "1"]
[SourceVersionDate "2023.12.16"]
[SourceQuality "1"]

1. e4 c5 2. Nf3 d6 3. d4 cxd4 4. Nxd4 Nf6 5. Nc3 Nc6 6. Be2 e5 7. Nf3 h6 8. O-O
Be7 9. Re1 O-O 10. h3 Bd7 11. b3 a6 12. Bb2 b5 13. Bf1 Qb6 14. Qd2 Rac8 15.
Rac1 Nd8 16. Nd5 Nxd5 17. exd5 f5 18. c4 Nf7 19. Rc2 Bf6 20. Rec1 Ng5 21. Qe3
Qb7 22. c5 Qxd5 23. Rd2 Nxf3+ 24. gxf3 Qf7 25. Rxd6 Bg5 26. Qxe5 Bxc1 27. Bxc1
Rfe8 28. Qd4 Bc6 29. Bb2 Bxf3 30. Rxa6 Rc6 31. Ra5 Rg6+ 32. Kh2 Qc7+ 0-1

[Event "GBR-ch76"]
[Site "Plymouth"]
[Date "1989.08.03"]
[Round "4.18"]
[White "Nicholson, John Graham"]
[Black "Howell, James C"]
[Result "1/2-1/2"]
[WhiteElo "2295"]
[BlackElo "2395"]
[PlyCount "96"]
[EventDate "1989.07.31"]
[EventType "swiss"]
[EventRounds "11"]
[EventCountry "GBR"]
[SourceTitle "BritBase"]
[Source "John Saunders"]
[SourceDate "2023.12.16"]
[SourceVersion "1"]
[SourceVersionDate "2023.12.16"]
[SourceQuality "1"]

1. e4 e5 2. Nf3 Nc6 3. Bb5 Nf6 4. O-O Bc5 5. Nxe5 Nxe5 6. d4 a6 7. Ba4 Nxe4 8.
Qe2 Be7 9. Qxe4 Ng6 10. c4 O-O 11. Nc3 c6 12. Bc2 d6 13. b3 Bd7 14. Bb2 b5 15.
Rad1 bxc4 16. bxc4 Qa5 17. f4 f5 18. Qd3 Bf6 19. Bb3 Kh8 20. g3 Ne7 21. Rf2
Rad8 22. h3 c5 23. dxc5 dxc5 24. Nd5 Bxb2 25. Rxb2 Nc6 26. Re2 Nd4 27. Re5 Rfe8
28. Kf2 Rxe5 29. fxe5 Re8 30. Qe3 Qd8 31. Nf4 Qc7 32. Re1 Kg8 33. Nd5 Qd8 34.
Bd1 Qa5 35. a3 Nc6 36. Qg5 Rxe5 37. Rxe5 Nxe5 38. Nf6+ Kh8 39. Nxd7 Nxd7 40.
Qxf5 Qd2+ 41. Be2 a5 42. Qf7 h6 43. Qe8+ Kh7 44. Qe4+ Kg8 45. Kf1 Qc1+ 46. Kg2
Qd2 47. Kf1 Qc1+ 48. Kg2 Qd2 1/2-1/2

[Event "GBR-ch76"]
[Site "Plymouth"]
[Date "1989.08.03"]
[Round "4.19"]
[White "Coleman, David J"]
[Black "Ravi, Lanka"]
[Result "0-1"]
[WhiteElo "2295"]
[BlackElo "2410"]
[PlyCount "80"]
[EventDate "1989.07.31"]
[EventType "swiss"]
[EventRounds "11"]
[EventCountry "GBR"]
[SourceTitle "BritBase"]
[Source "John Saunders"]
[SourceDate "2023.12.16"]
[SourceVersion "1"]
[SourceVersionDate "2023.12.16"]
[SourceQuality "1"]

1. e4 e6 2. d4 d5 3. Nc3 Bb4 4. e5 b6 5. a3 Bf8 6. Bb5+ c6 7. Ba4 a5 8. Bb3 Ba6
9. Ba2 Ne7 10. Nce2 c5 11. c3 Nec6 12. Nf3 Nd7 13. O-O Be7 14. Re1 g5 15. Be3
g4 16. Nd2 h5 17. Nf4 Nf8 18. dxc5 bxc5 19. Nb3 Qb6 20. Nxc5 Bxc5 21. Nxd5 exd5
22. Bxc5 Qxc5 23. b4 Qb6 24. Qxd5 Ne6 25. Rab1 Rd8 26. bxa5 Qc7 27. Qb3 O-O 28.
Qa4 Rd2 29. Rb6 Rxa2 30. Rxa6 Qxe5 31. Qd1 Rd8 32. Qb1 Re2 33. Rf1 Nxa5 34. Rb6
Nc4 35. Rb5 Rd5 36. Rxd5 Qxd5 37. Qb3 Qe4 38. f3 Qe3+ 39. Kh1 Nd2 40. Qb8+ Kg7
0-1

[Event "GBR-ch76"]
[Site "Plymouth"]
[Date "1989.08.03"]
[Round "4.26"]
[White "Motwani, Paul"]
[Black "Sugden, John Neil"]
[Result "1-0"]
[WhiteElo "2490"]
[BlackElo "2255"]
[PlyCount "81"]
[EventDate "1989.07.31"]
[EventType "swiss"]
[EventRounds "11"]
[EventCountry "GBR"]
[SourceTitle "BritBase"]
[Source "John Saunders"]
[SourceDate "2023.12.16"]
[SourceVersion "1"]
[SourceVersionDate "2023.12.16"]
[SourceQuality "1"]

1. e4 c6 2. c4 e5 3. Nf3 d6 4. d4 Nd7 5. Nc3 g6 6. g3 Bg7 7. Bg2 Ne7 8. O-O O-O
9. b3 exd4 10. Nxd4 Nc5 11. Bb2 f5 12. Qd2 fxe4 13. Nxe4 Nxe4 14. Bxe4 d5 15.
cxd5 Nxd5 16. Bg2 Nc7 17. Qb4 Qf6 18. Rae1 a5 19. Qc5 Bf5 20. Qc4+ Rf7 21. Nxf5
Qxf5 22. Bxg7 Kxg7 23. f4 Re8 24. Rxe8 Nxe8 25. Re1 Nc7 26. Qc3+ Kg8 27. h3 Rd7
28. Kh2 Kf7 29. Re4 Re7 30. Rxe7+ Kxe7 31. Qg7+ Qf7 32. Qe5+ Kd7 33. Qxa5 Qf6
34. Qd2+ Kc8 35. h4 Kb8 36. Qd7 h6 37. Qh7 g5 38. hxg5 hxg5 39. Qg8+ Ka7 40.
Qxg5 Qb2 41. Qe5 1-0

[Event "GBR-ch76"]
[Site "Plymouth"]
[Date "1989.08.03"]
[Round "4.29"]
[White "Carr, Neil L"]
[Black "Richmond Garwell, Jane"]
[Result "1-0"]
[WhiteElo "2315"]
[BlackElo "2180"]
[PlyCount "39"]
[EventDate "1989.07.31"]
[EventType "swiss"]
[EventRounds "11"]
[EventCountry "GBR"]
[SourceTitle "BritBase"]
[Source "John Saunders"]
[SourceDate "2023.12.16"]
[SourceVersion "1"]
[SourceVersionDate "2023.12.16"]
[SourceQuality "1"]

1. e4 e6 2. d4 d5 3. Nd2 Nf6 4. e5 Nfd7 5. Bd3 c5 6. c3 Nc6 7. Ne2 cxd4 8. cxd4
Nb6 9. O-O a5 10. a4 Nb4 11. Bb1 Bd7 12. Nc3 Nc8 13. Nf3 Be7 14. Ne1 Na7 15.
Qg4 g6 16. Nf3 b5 17. Bh6 bxa4 18. Qf4 Nb5 19. Ng5 Bxg5 20. Bxg5 1-0

[Event "GBR-ch76"]
[Site "Plymouth"]
[Date "1989.08.03"]
[Round "4.33"]
[White "Houston, David A"]
[Black "Forbes, Cathy"]
[Result "1/2-1/2"]
[WhiteElo "2260"]
[BlackElo "2055"]
[PlyCount "26"]
[EventDate "1989.07.31"]
[EventType "swiss"]
[EventRounds "11"]
[EventCountry "GBR"]
[SourceTitle "BritBase"]
[Source "John Saunders"]
[SourceDate "2023.12.16"]
[SourceVersion "1"]
[SourceVersionDate "2023.12.16"]
[SourceQuality "1"]

1. e4 c5 2. Nf3 e6 3. d4 cxd4 4. Nxd4 a6 5. g3 Nf6 6. Bg2 Nc6 7. O-O Qc7 8. c4
Nxd4 9. Qxd4 Bc5 10. Qd1 h5 11. Bf4 e5 12. Bg5 Bd4 13. Qe2 d6 {Source: David
McAlister, ICU website, 23 August 2020} 1/2-1/2

[Event "GBR-ch76"]
[Site "Plymouth"]
[Date "1989.08.04"]
[Round "5.2"]
[White "Levitt, Jonathan P"]
[Black "Flear, Glenn C"]
[Result "1/2-1/2"]
[WhiteElo "2480"]
[BlackElo "2435"]
[PlyCount "59"]
[EventDate "1989.07.31"]
[EventType "swiss"]
[EventRounds "11"]
[EventCountry "GBR"]
[SourceTitle "BritBase"]
[Source "John Saunders"]
[SourceDate "2023.12.16"]
[SourceVersion "1"]
[SourceVersionDate "2023.12.16"]
[SourceQuality "1"]

1. d4 d5 2. c4 c6 3. Nf3 Nf6 4. Nc3 dxc4 5. a4 Bg4 6. Ne5 Bh5 7. h3 Na6 8. g4
Bg6 9. Bg2 Nb4 10. O-O Bc2 11. Qd2 Bb3 12. Qf4 h6 13. Be3 e6 14. Ne4 Nbd5 15.
Qf3 Bd6 16. Nxd6+ Qxd6 17. Rac1 Nxe3 18. fxe3 Bxa4 19. h4 Qc7 20. g5 hxg5 21.
hxg5 Nd5 22. e4 Nb6 23. Nxf7 Qh2+ 24. Kf2 Rh4 25. Ke3 Qc7 26. b4 cxb3 27. Rc5
Nd7 28. e5 Qb6 29. Nd6+ Kd8 30. Qf8+ 1/2-1/2

[Event "GBR-ch76"]
[Site "Plymouth"]
[Date "1989.08.04"]
[Round "5.4"]
[White "Chandler, Murray G"]
[Black "Beaumont, Chris R"]
[Result "1-0"]
[WhiteElo "2585"]
[BlackElo "2415"]
[PlyCount "53"]
[EventDate "1989.07.31"]
[EventType "swiss"]
[EventRounds "11"]
[EventCountry "GBR"]
[SourceTitle "ChessBase 2017"]
[Source "ChessBase"]
[SourceDate "1990.06.01"]
[SourceVersion "1"]
[SourceVersionDate "1990.06.01"]
[SourceQuality "1"]

1. e4 d6 2. d4 Nf6 3. Nc3 g6 4. f4 Bg7 5. Nf3 c5 6. Bb5+ Nc6 7. d5 a6 8. Be2
Na7 9. e5 Nd7 10. Be3 dxe5 11. fxe5 Nxe5 12. Bxc5 O-O 13. O-O Nb5 14. Nxb5 axb5
15. Bxb5 Qc7 16. Bd4 Nxf3+ 17. Rxf3 Bxd4+ 18. Qxd4 Qxc2 19. a4 Bf5 20. Re1 Rad8
21. Rxe7 Be6 22. d6 Qc1+ 23. Rf1 Qg5 24. Rd1 h5 25. Rxb7 h4 26. Bc6 h3 27. Rb5
1-0